Normal view
MARC view
- المالكين والمستأجرين-القضاء-القانون الجنائي-القانون
Entry Topical Term
001 - CONTROL NUMBER
- control field: 62786
003 - CONTROL NUMBER IDENTIFIER
- control field: JO-AjAnu
005 - DATE AND TIME OF LATEST TRANSACTION
- control field: 20230606084243.0
008 - FIXED-LENGTH DATA ELEMENTS
- fixed length control field: 230606|| aca||aabn | a|a d
040 ## - CATALOGING SOURCE
- Original cataloging agency: JO-AjAnu
- Transcribing agency: JO-AjAnu
150 ## - HEADING--TOPICAL TERM
- Topical term or geographic name entry element: المالكين والمستأجرين-القضاء-القانون الجنائي-القانون
670 ## - SOURCE DATA FOUND
- Source citation: Work cat.: (JO-AjAnu)32015: الخصيلات، عبد الله احمد, author 62785, التطبيقات القضائية: قانون اصول المحاكمات المدنية والتجارية، قانون المالكين والمستأجرين، القضايا التنفيذية، القانون التجاري، معاملات كاتب العدل، تشريعات المحامين، صيغ عقود واتفاقيات